Bajío International Airport Destinations (León, Mexico) - Statistics

General Stats
  • This quiz has been taken 49 times
    11 since last reset
  • The average score is 13 of 22
Answer Stats
Airline Destination % Correct
Viva/Volaris Cancún
100%
American Airlines/American Eagle/Viva Dallas/Fort Worth
100%
Volaris Los Angeles
100%
Aeroméxico/Aeroméxico Connect Mexico City
100%
Viva Mexico City (AIFA)
100%
Volaris Chicago (Midway)
78%
Viva/Volaris Chicago (O'Hare)
78%
Viva/Volaris Monterrey
78%
United Airlines/United Express/Viva Houston (Intercontinental)
67%
Viva Mérida
67%
Viva/Volaris Tijuana
67%
Volaris Puerto Vallarta
56%
Aeroméxico Connect Atlanta
33%
Viva Ciudad Juárez
33%
Volaris Mexicali
33%
Volaris Puebla
33%
Volaris San José del Cabo
33%
Volaris Fresno
22%
Volaris Ontario
22%
Volaris Sacramento
22%
Viva San Antonio
22%
Volaris Oakland
11%
No matching quizzes found
Score Distribution
Percent of People with Each Score
Percentile by Number Answered
Your Score History
You have not taken this quiz since the last reset